| 000 | 00967nam a2200217Ia 4500 | ||
|---|---|---|---|
| 999 |
_c50923 _d50923 |
||
| 001 | 17878 | ||
| 003 | GE_BSU | ||
| 005 | 20200227110253.0 | ||
| 008 | 181216s1964 xx |||||||||||||| || || | ||
| 040 | _cGE_BSU | ||
| 041 | _ageo | ||
| 080 | _a821.353.1-32 ფ-25 | ||
| 100 |
_aფანჯიკიძე, გურამ. _9939 |
||
| 245 |
_aმოთხრობები / _cგურამ ფანჯიკიძე ; რედ. ც. ჯაფარიძე. |
||
| 264 |
_aთბილისი : _bსაბჭ. საქართველო, _c1964. |
||
| 300 |
_a110გვ . ; _c17 სმ. |
||
| 653 | _aკვალი ზღვაზე; ხარჯიხვი; ქალაქის გარეუბანში; მთებში; უკანასკნელი შეხვედრა | ||
| 653 | _aმოთხრობები | ||
| 700 |
_aჯაფარიძე, ც _eრედაქტორი _93695 |
||
| 942 |
_cBK _2udc |
||